000 00738nam a2200181Ia 4500
008 151202s9999||||xx |||||||||||||| ||und||
082 _bPNVM-45543
100 _aअनुपकुमार-अनु.शानभाग माधुरी.
245 _aद जॉय ऑफ कॅन्सर.
260 _bमेहता पब्लिशींग हाऊस पुणे.
260 _c2004
300 _a180
600 _aअनुपकुमार-अनु.शानभाग माधुरी.
630 _aद जॉय ऑफ कॅन्सर.
700 _aअनुपकुमार-अनु.शानभाग माधुरी.
730 _aद जॉय ऑफ कॅन्सर.
942 _cBOOK
999 _c1311494
_d1311491